<?xml version="1.0" encoding="UTF-8"?>
<record
    xmlns:xsi="http://www.w3.org/2001/XMLSchema-instance"
    xsi:schemaLocation="http://www.loc.gov/MARC21/slim http://www.loc.gov/standards/marcxml/schema/MARC21slim.xsd"
    xmlns="http://www.loc.gov/MARC21/slim">

  <leader>01293nam a22002657a 4500</leader>
  <controlfield tag="005">20170124102956.0</controlfield>
  <datafield tag="010" ind1=" " ind2=" ">
    <subfield code="a">179285</subfield>
  </datafield>
  <datafield tag="020" ind1=" " ind2=" ">
    <subfield code="c">03.00</subfield>
  </datafield>
  <datafield tag="035" ind1=" " ind2=" ">
    <subfield code="a">179285</subfield>
  </datafield>
  <datafield tag="037" ind1=" " ind2=" ">
    <subfield code="b">Cen Lib/Ret</subfield>
  </datafield>
  <datafield tag="040" ind1=" " ind2=" ">
    <subfield code="a">DPL</subfield>
    <subfield code="b">HN</subfield>
  </datafield>
  <datafield tag="082" ind1=" " ind2=" ">
    <subfield code="a">921</subfield>
    <subfield code="b">&#x92C;&#x947;&#x926;&#x940;&#x92C;&#x940;</subfield>
  </datafield>
  <datafield tag="100" ind1=" " ind2=" ">
    <subfield code="a">&#x92C;&#x947;&#x926;&#x940;, &#x92C;&#x940;.&#x92A;&#x940;.&#x90F;&#x932;.</subfield>
    <subfield code="9">53353</subfield>
  </datafield>
  <datafield tag="245" ind1=" " ind2=" ">
    <subfield code="a">&#x90A;&#x938;&#x930; &#x92E;&#x947;&#x902; &#x939;&#x930;&#x93F;&#x92F;&#x93E;&#x932;&#x940; :</subfield>
    <subfield code="c">&#x92C;&#x940;.&#x92A;&#x940;.&#x90F;&#x932;.&#x92C;&#x947;&#x926;&#x940; ; &#x905;&#x928;&#x941;&#x935;&#x93E;&#x926;&#x915; &#x930;&#x93E;&#x91C;&#x93E; &#x92A;&#x93E;&#x923;&#x94D;&#x921;&#x947;</subfield>
    <subfield code="b">&#x938;&#x930; &#x917;&#x902;&#x917;&#x93E;&#x930;&#x93E;&#x92E; : &#x91C;&#x940;&#x935;&#x928;&#x940; &#x935; &#x915;&#x93E;&#x930;&#x94D;&#x92F; /</subfield>
  </datafield>
  <datafield tag="246" ind1=" " ind2=" ">
    <subfield code="a">Uusar me hariyali : Sir Gangaram : jeevani v karye /</subfield>
    <subfield code="b">by B.P.L.Bedi ; anuvadak Raja Pandey </subfield>
  </datafield>
  <datafield tag="260" ind1=" " ind2=" ">
    <subfield code="a">&#x928;&#x908; &#x926;&#x93F;&#x932;&#x94D;&#x932;&#x940; </subfield>
    <subfield code="b">&#x936;&#x94D;&#x930;&#x940;&#x92E;&#x924;&#x940; &#x915;&#x943;&#x937;&#x94D;&#x923;&#x93E; &#x906;&#x92B;&#x93C;&#x924;&#x93E;&#x92C; &#x930;&#x93E;&#x92F; </subfield>
    <subfield code="c">1961</subfield>
  </datafield>
  <datafield tag="270" ind1=" " ind2=" ">
    <subfield code="b">&#x928;&#x908; &#x926;&#x93F;&#x932;&#x94D;&#x932;&#x940; </subfield>
    <subfield code="a">3, &#x92A;&#x943;&#x925;&#x94D;&#x935;&#x940;&#x930;&#x93E;&#x91C; &#x930;&#x94B;&#x921; </subfield>
  </datafield>
  <datafield tag="300" ind1=" " ind2=" ">
    <subfield code="a">199&#x92A;&#x943;. </subfield>
    <subfield code="c">17&#x938;&#x947;&#x92E;&#x940; (&#x938;&#x91C;&#x93F;&#x932;&#x94D;&#x926;)</subfield>
  </datafield>
  <datafield tag="650" ind1=" " ind2=" ">
    <subfield code="a">&#x939;&#x93F;&#x928;&#x94D;&#x926;&#x940; -- &#x938;&#x93E;&#x939;&#x93F;&#x924;&#x94D;&#x92F; </subfield>
    <subfield code="9">53354</subfield>
  </datafield>
  <datafield tag="650" ind1=" " ind2=" ">
    <subfield code="a">&#x939;&#x93F;&#x928;&#x94D;&#x926;&#x940; -- &#x938;&#x930; &#x917;&#x902;&#x917;&#x93E;&#x930;&#x93E;&#x92E; : &#x91C;&#x940;&#x935;&#x928;&#x940;</subfield>
    <subfield code="9">43086</subfield>
  </datafield>
  <datafield tag="650" ind1=" " ind2=" ">
    <subfield code="a">Hindi -- literature</subfield>
    <subfield code="9">53355</subfield>
  </datafield>
  <datafield tag="650" ind1=" " ind2=" ">
    <subfield code="a">Hindi -- Sir Ganga Ram: Biography</subfield>
    <subfield code="9">53356</subfield>
  </datafield>
  <datafield tag="700" ind1=" " ind2=" ">
    <subfield code="a">&#x92A;&#x93E;&#x923;&#x94D;&#x921;&#x947;, &#x930;&#x93E;&#x91C;&#x93E; </subfield>
    <subfield code="9">53357</subfield>
  </datafield>
  <datafield tag="942" ind1=" " ind2=" ">
    <subfield code="2">ddc</subfield>
    <subfield code="c">HN</subfield>
    <subfield code="h">921</subfield>
    <subfield code="m">&#x92C;&#x947;&#x926;&#x940;&#x92C;&#x940;</subfield>
  </datafield>
  <datafield tag="999" ind1=" " ind2=" ">
    <subfield code="c">113672</subfield>
    <subfield code="d">113672</subfield>
  </datafield>
  <datafield tag="952" ind1=" " ind2=" ">
    <subfield code="0">0</subfield>
    <subfield code="1">0</subfield>
    <subfield code="4">0</subfield>
    <subfield code="7">0</subfield>
    <subfield code="a">L</subfield>
    <subfield code="b">L</subfield>
    <subfield code="d">2015-08-13</subfield>
    <subfield code="e">Cen Lib/Ret</subfield>
    <subfield code="g">3.00</subfield>
    <subfield code="l">0</subfield>
    <subfield code="o">921 &#x92C;&#x947;&#x926;&#x940;&#x92C;&#x940;</subfield>
    <subfield code="p">179285</subfield>
    <subfield code="r">2015-08-13 00:00:00</subfield>
    <subfield code="t">1</subfield>
    <subfield code="v">3.00</subfield>
    <subfield code="w">2015-08-13</subfield>
    <subfield code="y">HN</subfield>
  </datafield>
</record>
